Việt Nam kế hoạch hành động năng lượng tái tạo = Renewable energy action plan
Tài liệu nêu tổng quan kế hoạch hành động năng lượng tái tạo ở Việt Nam. Và mô tả chi tiết các thành phần của kế hoạch hành động năng lượng tái tạo.
Zapisane w:
| Format: | Książka |
|---|---|
| Język: | Undetermined |
| Wydane: |
Việt Nam
Ngân hàng Thế Giới
|
| Hasła przedmiotowe: | |
| Etykiety: |
Dodaj etykietę
Nie ma etykietki, Dołącz pierwszą etykiete!
|
| Thư viện lưu trữ: | Trung tâm Học liệu Trường Đại học Cần Thơ |
|---|
| LEADER | 00814nam a2200181Ia 4500 | ||
|---|---|---|---|
| 001 | CTU_62961 | ||
| 008 | 210402s9999 xx 000 0 und d | ||
| 082 | |a 363.61 | ||
| 082 | |b V308 | ||
| 245 | 0 | |a Việt Nam kế hoạch hành động năng lượng tái tạo = | |
| 245 | 0 | |b Renewable energy action plan | |
| 245 | 0 | |c V. Susan Bogach ... [et al.] | |
| 260 | |a Việt Nam | ||
| 260 | |b Ngân hàng Thế Giới | ||
| 520 | |a Tài liệu nêu tổng quan kế hoạch hành động năng lượng tái tạo ở Việt Nam. Và mô tả chi tiết các thành phần của kế hoạch hành động năng lượng tái tạo. | ||
| 650 | |a Electric power | ||
| 904 | |i Minh (Nguyên sửa) | ||
| 980 | |a Trung tâm Học liệu Trường Đại học Cần Thơ | ||